[Event "EYCC 2024 - G14"]
[Site "?"]
[Date "2024.08.30"]
[Round "8.8"]
[White "Tokarz, Gabriela"]
[Black "Alfano, Emilie"]
[Result "1/2-1/2"]
[BlackElo "1990"]
[WhiteElo "1845"]
[LiveChessVersion "1.4.8"]

1. d4 {[%clk 1:30:59]} d5 {[%clk 1:30:53]} 2. c4 {[%clk 1:31:23]} e6
{[%clk 1:31:22]} 3. Nc3 {[%clk 1:31:47]} Nf6 {[%clk 1:31:48]} 4. Bg5
{[%clk 1:32:13]} Bb4 {[%clk 1:31:30]} 5. Bxf6 {[%clk 1:31:51]} Qxf6
{[%clk 1:30:42]} 6. e3 {[%clk 1:32:06]} O-O {[%clk 1:29:15]} 7. a3
{[%clk 1:31:49]} Bxc3+ {[%clk 1:27:52]} 8. bxc3 {[%clk 1:32:17]} c5
{[%clk 1:24:39]} 9. Nf3 {[%clk 1:31:23]} Nc6 {[%clk 1:23:12]} 10. Bd3
{[%clk 1:28:53]} dxc4 {[%clk 1:15:03]} 11. Bxc4 {[%clk 1:29:14]} cxd4
{[%clk 1:15:22]} 12. cxd4 {[%clk 1:29:23]} e5 {[%clk 1:09:57]} 13. dxe5
{[%clk 1:22:32]} Nxe5 {[%clk 1:09:51]} 14. Nxe5 {[%clk 1:22:46]} Qxe5
{[%clk 1:10:16]} 15. O-O {[%clk 1:22:58]} Be6 {[%clk 1:06:14]} 16. Bxe6
{[%clk 1:18:04]} Qxe6 {[%clk 1:05:04]} 17. Rb1 {[%clk 1:17:33]} Rfd8
{[%clk 1:04:07]} 18. Qa4 {[%clk 1:16:27]} Qd7 {[%clk 1:03:17]} 19. Qb3
{[%clk 1:13:00]} b6 {[%clk 1:02:48]} 20. Rfd1 {[%clk 1:12:32]} Qe7
{[%clk 1:02:09]} 21. Rd4 {[%clk 1:11:30]} Rxd4 {[%clk 1:00:14]} 22. exd4
{[%clk 1:11:41]} Rd8 {[%clk 1:00:18]} 23. Qe3 {[%clk 1:08:43]} Qd6
{[%clk 0:58:04]} 24. Rd1 {[%clk 1:07:49]} g6 {[%clk 0:55:32]} 25. g3
{[%clk 1:07:59]} b5 {[%clk 0:55:44]} 26. Qb3 {[%clk 1:06:56]} Qb6
{[%clk 0:53:16]} 27. d5 {[%clk 1:01:18]} a5 {[%clk 0:52:55]} 28. Rb1
{[%clk 1:00:43]} Rc8 {[%clk 0:50:11]} 29. Kg2 {[%clk 0:59:50]} Rb8
{[%clk 0:48:47]} 30. Qd3 {[%clk 0:57:01]} b4 {[%clk 0:47:50]} 31. axb4
{[%clk 0:56:21]} axb4 {[%clk 0:48:12]} 32. d6 {[%clk 0:54:13]} Rd8
{[%clk 0:44:57]} 33. Qe4 {[%clk 0:53:32]} Qxd6 {[%clk 0:36:40]} 34. Rxb4
{[%clk 0:53:54]} 1/2-1/2

[Event "EYCC 2024 - G14"]
[Site "?"]
[Date "2024.08.30"]
[Round "8.9"]
[White "Skramstad, Oda Kofoed"]
[Black "Halas, Neele Zoe"]
[Result "1-0"]
[BlackElo "1785"]
[WhiteElo "1980"]
[LiveChessVersion "1.4.8"]

1. d4 {[%clk 1:30:40]} d5 {[%clk 1:30:57]} 2. c4 {[%clk 1:30:59]} e6
{[%clk 1:31:24]} 3. Nf3 {[%clk 1:30:49]} Be7 {[%clk 1:31:37]} 4. Nc3
{[%clk 1:31:09]} Nf6 {[%clk 1:31:58]} 5. Bg5 {[%clk 1:30:47]} O-O
{[%clk 1:32:13]} 6. e3 {[%clk 1:30:28]} h6 {[%clk 1:32:30]} 7. Bh4
{[%clk 1:29:44]} Nbd7 {[%clk 1:32:56]} 8. Rc1 {[%clk 1:28:37]} c5
{[%clk 1:33:17]} 9. cxd5 {[%clk 1:25:05]} Nxd5 {[%clk 1:31:51]} 10. Bxe7
{[%clk 1:20:00]} Nxe7 {[%clk 1:30:53]} 11. Be2 {[%clk 1:19:07]} b6
{[%clk 1:30:12]} 12. O-O {[%clk 1:16:55]} Bb7 {[%clk 1:29:49]} 13. Nb5
{[%clk 1:14:06]} Nf5 {[%clk 1:10:36]} 14. dxc5 {[%clk 1:05:06]} Nxc5
{[%clk 1:08:27]} 15. b4 {[%clk 1:05:00]} Ne4 {[%clk 1:07:20]} 16. Bd3
{[%clk 0:55:50]} Nfd6 {[%clk 0:59:23]} 17. Nfd4 {[%clk 0:51:43]} Nxb5
{[%clk 0:47:44]} 18. Nxb5 {[%clk 0:49:44]} a5 {[%clk 0:43:56]} 19. f3
{[%clk 0:44:04]} Nf6 {[%clk 0:42:24]} 20. bxa5 {[%clk 0:38:45]} Rxa5
{[%clk 0:40:17]} 21. Rf2 {[%clk 0:36:59]} Ba6 {[%clk 0:30:19]} 22. Rd2
{[%clk 0:30:29]} Qb8 {[%clk 0:25:43]} 23. Qe2 {[%clk 0:27:06]} Rc8
{[%clk 0:19:40]} 24. Rxc8+ {[%clk 0:19:36]} Qxc8 {[%clk 0:20:00]} 25. Nd6
{[%clk 0:19:17]} Bxd3 {[%clk 0:19:59]} 26. Rxd3 {[%clk 0:14:54]} Qa6
{[%clk 0:17:22]} 27. Rd2 {[%clk 0:09:50]} Qxe2 {[%clk 0:17:16]} 28. Rxe2
{[%clk 0:10:18]} Nd5 {[%clk 0:16:16]} 29. Nc4 {[%clk 0:08:35]} Rc5
{[%clk 0:13:29]} 30. Na3 {[%clk 0:05:17]} Rc3 {[%clk 0:12:51]} 31. Nc2
{[%clk 0:05:19]} Rc4 {[%clk 0:12:39]} 32. Na3 {[%clk 0:04:07]} Rc1+
{[%clk 0:12:14]} 33. Kf2 {[%clk 0:04:27]} Nc3 {[%clk 0:11:58]} 34. Re1
{[%clk 0:00:57]} Nxa2 {[%clk 0:10:15]} 35. Rxc1 {[%clk 0:00:37]} Nxc1
{[%clk 0:10:30]} 36. Ke1 {[%clk 0:01:03]} Nd3+ {[%clk 0:10:25]} 37. Kd2
{[%clk 0:01:25]} Nc5 {[%clk 0:10:33]} 38. Kc3 {[%clk 0:01:18]} Kf8
{[%clk 0:10:40]} 39. Nc4 {[%clk 0:01:09]} Nd7 {[%clk 0:10:20]} 40. Kb4
{[%clk 0:01:19]} Ke7 {[%clk 0:10:36]} 41. Kb5 {[%clk 0:01:38]} f5
{[%clk 0:09:57]} 42. Kc6 {[%clk 0:00:38]} g6 {[%clk 0:06:51]} 43. Kb5
{[%clk 0:00:43]} g5 {[%clk 0:04:17]} 44. Kc6 {[%clk 0:00:45]} f4 {[%clk 0:03:39]}
45. e4 {[%clk 0:00:38]} h5 {[%clk 0:02:55]} 46. h3 {[%clk 0:00:41]} Nc5
{[%clk 0:02:06]} 47. Nb2 {[%clk 0:00:50]} Nd7 {[%clk 0:01:38]} 48. Nc4
{[%clk 0:01:15]} e5 {[%clk 0:01:34]} 49. Nxb6 {[%clk 0:00:52]} Nxb6
{[%clk 0:01:30]} 50. Kxb6 {[%clk 0:01:20]} Kf6 {[%clk 0:00:39]} 51. Kc7
{[%clk 0:00:47]} g4 {[%clk 0:00:44]} 52. hxg4 {[%clk 0:00:58]} hxg4
{[%clk 0:00:45]} 53. Kd6 {[%clk 0:01:16]} gxf3 {[%clk 0:00:45]} 54. gxf3
{[%clk 0:01:41]} 1-0

[Event "EYCC 2024 - G14"]
[Site "?"]
[Date "2024.08.30"]
[Round "8.10"]
[White "Sickmann, Lisa"]
[Black "Briem, Gudrun Fanney"]
[Result "1-0"]
[BlackElo "1764"]
[WhiteElo "1964"]
[LiveChessVersion "1.4.8"]

1. e4 {[%clk 1:30:59]} c6 {[%clk 1:30:55]} 2. d4 {[%clk 1:31:26]} d5
{[%clk 1:31:15]} 3. Nc3 {[%clk 1:31:54]} dxe4 {[%clk 1:31:28]} 4. Nxe4
{[%clk 1:32:21]} Nf6 {[%clk 1:31:49]} 5. Nxf6+ {[%clk 1:32:47]} gxf6
{[%clk 1:32:11]} 6. Nf3 {[%clk 1:32:40]} Bg4 {[%clk 1:32:19]} 7. Be2
{[%clk 1:32:52]} Qc7 {[%clk 1:31:19]} 8. Be3 {[%clk 1:31:35]} Nd7
{[%clk 1:29:16]} 9. c4 {[%clk 1:27:41]} e6 {[%clk 1:27:40]} 10. Qb3
{[%clk 1:24:06]} Qa5+ {[%clk 1:20:06]} 11. Bd2 {[%clk 1:23:09]} Qb6
{[%clk 1:20:22]} 12. Bc3 {[%clk 1:17:09]} Be7 {[%clk 1:15:40]} 13. Qc2
{[%clk 1:02:48]} c5 {[%clk 1:02:47]} 14. O-O-O {[%clk 1:00:36]} O-O-O
{[%clk 1:01:43]} 15. d5 {[%clk 0:58:42]} Bxf3 {[%clk 0:50:48]} 16. Bxf3
{[%clk 0:58:54]} Ne5 {[%clk 0:50:15]} 17. Be2 {[%clk 0:58:23]} Qa6
{[%clk 0:40:01]} 18. b3 {[%clk 0:54:13]} Rhg8 {[%clk 0:36:19]} 19. g3
{[%clk 0:49:42]} Kb8 {[%clk 0:26:13]} 20. Kb1 {[%clk 0:47:14]} Ng6
{[%clk 0:23:29]} 21. Rhe1 {[%clk 0:44:08]} Rd6 {[%clk 0:19:16]} 22. f4
{[%clk 0:41:38]} Rgd8 {[%clk 0:17:58]} 23. Bf3 {[%clk 0:39:44]} b5
{[%clk 0:02:34]} 24. dxe6 {[%clk 0:28:30]} fxe6 {[%clk 0:01:59]} 25. Qe4
{[%clk 0:28:07]} Rxd1+ {[%clk 0:02:00]} 26. Rxd1 {[%clk 0:28:23]} Rxd1+
{[%clk 0:02:14]} 27. Bxd1 {[%clk 0:28:49]} bxc4 {[%clk 0:02:11]} 28. Be2
{[%clk 0:28:13]} Nf8 {[%clk 0:00:58]} 29. Bxc4 {[%clk 0:28:15]} Qb7
{[%clk 0:01:03]} 30. Qxb7+ {[%clk 0:25:56]} Kxb7 {[%clk 0:01:27]} 31. Kc2
{[%clk 0:26:21]} Kc6 {[%clk 0:01:03]} 32. Kd3 {[%clk 0:26:43]} Kd6
{[%clk 0:00:47]} 33. g4 {[%clk 0:26:09]} f5 {[%clk 0:00:47]} 34. gxf5
{[%clk 0:25:58]} exf5 {[%clk 0:01:10]} 35. Bg8 {[%clk 0:26:10]} Ng6
{[%clk 0:00:33]} 36. Ke3 {[%clk 0:26:23]} h6 {[%clk 0:00:35]} 37. Bf7
{[%clk 0:26:17]} Nh4 {[%clk 0:00:35]} 38. Be5+ {[%clk 0:26:10]} Kc6
{[%clk 0:00:44]} 39. Kf2 {[%clk 0:26:21]} Kb5 {[%clk 0:00:32]} 40. Bg7
{[%clk 0:26:10]} h5 {[%clk 0:00:45]} 41. Bh6 {[%clk 0:26:24]} Kb4
{[%clk 0:00:48]} 42. Kg3 {[%clk 0:26:30]} Ka3 {[%clk 0:00:49]} 43. Bg5
{[%clk 0:26:51]} Bd6 {[%clk 0:00:36]} 44. Bxh4 {[%clk 0:27:04]} Kxa2
{[%clk 0:01:00]} 45. b4+ {[%clk 0:26:58]} Kb2 {[%clk 0:01:16]} 46. bxc5
{[%clk 0:27:24]} Bxc5 {[%clk 0:01:32]} 47. Bxh5 {[%clk 0:27:44]} a5
{[%clk 0:01:42]} 48. Bf6+ {[%clk 0:27:54]} Kb3 {[%clk 0:01:57]} 49. Bf7+
{[%clk 0:28:20]} Kb4 {[%clk 0:01:14]} 50. h4 {[%clk 0:28:43]} Bf8
{[%clk 0:01:17]} 51. h5 {[%clk 0:29:02]} a4 {[%clk 0:01:29]} 52. Bg5
{[%clk 0:29:15]} Bg7 {[%clk 0:01:36]} 53. h6 {[%clk 0:29:41]} Bh8
{[%clk 0:01:47]} 54. h7 {[%clk 0:30:05]} a3 {[%clk 0:01:59]} 55. Be7+
{[%clk 0:30:30]} Ka4 {[%clk 0:01:36]} 56. Bd6 {[%clk 0:30:53]} a2
{[%clk 0:01:44]} 57. Bxa2 {[%clk 0:31:18]} 1-0

[Event "EYCC 2024 - G14"]
[Site "?"]
[Date "2024.08.30"]
[Round "8.11"]
[White "Siskou, Evangelia"]
[Black "Sida, Flavia-Maria"]
[Result "1-0"]
[BlackElo "1746"]
[WhiteElo "1932"]
[LiveChessVersion "1.4.8"]

1. e4 {[%clk 1:30:56]} c5 {[%clk 1:30:54]} 2. Nf3 {[%clk 1:31:19]} d6
{[%clk 1:31:19]} 3. d4 {[%clk 1:31:43]} cxd4 {[%clk 1:28:48]} 4. Nxd4
{[%clk 1:32:04]} Nf6 {[%clk 1:29:13]} 5. Nc3 {[%clk 1:32:28]} g6 {[%clk 1:28:55]}
6. Be3 {[%clk 1:32:45]} Bg7 {[%clk 1:29:20]} 7. f3 {[%clk 1:33:10]} a6
{[%clk 1:29:28]} 8. Qd2 {[%clk 1:32:55]} h5 {[%clk 1:29:48]} 9. O-O-O
{[%clk 1:32:37]} Nbd7 {[%clk 1:30:02]} 10. Be2 {[%clk 1:31:08]} b5
{[%clk 1:30:01]} 11. a3 {[%clk 1:30:21]} Bb7 {[%clk 1:30:08]} 12. h3
{[%clk 1:28:56]} Rc8 {[%clk 1:28:22]} 13. Kb1 {[%clk 1:29:11]} Ne5
{[%clk 1:13:36]} 14. g4 {[%clk 1:21:16]} Nc4 {[%clk 1:12:08]} 15. Bxc4
{[%clk 1:21:43]} Rxc4 {[%clk 1:11:51]} 16. Nb3 {[%clk 1:10:01]} Qc7
{[%clk 1:05:26]} 17. g5 {[%clk 1:08:51]} Nd7 {[%clk 1:05:15]} 18. Nd5
{[%clk 1:00:59]} Bxd5 {[%clk 1:00:11]} 19. exd5 {[%clk 1:00:45]} O-O
{[%clk 1:00:00]} 20. f4 {[%clk 0:58:02]} Rc8 {[%clk 0:48:37]} 21. Rh2
{[%clk 0:55:11]} Ra4 {[%clk 0:45:10]} 22. Bd4 {[%clk 0:50:25]} a5
{[%clk 0:28:58]} 23. Bxg7 {[%clk 0:49:22]} Kxg7 {[%clk 0:29:22]} 24. Nd4
{[%clk 0:43:20]} b4 {[%clk 0:27:10]} 25. b3 {[%clk 0:40:11]} Rxa3
{[%clk 0:22:40]} 26. Nb5 {[%clk 0:40:30]} Qc5 {[%clk 0:19:33]} 27. Nxa3
{[%clk 0:40:49]} bxa3 {[%clk 0:19:58]} 28. Qd4+ {[%clk 0:39:58]} Kg8
{[%clk 0:18:28]} 29. Re2 {[%clk 0:37:27]} Nb6 {[%clk 0:16:25]} 30. Qxc5
{[%clk 0:30:25]} Rxc5 {[%clk 0:16:48]} 31. Red2 {[%clk 0:29:24]} a4
{[%clk 0:10:34]} 32. Ka2 {[%clk 0:27:57]} axb3+ {[%clk 0:09:58]} 33. cxb3
{[%clk 0:27:51]} Ra5 {[%clk 0:10:08]} 34. Rd3 {[%clk 0:27:22]} Nd7
{[%clk 0:08:26]} 35. b4 {[%clk 0:26:49]} Ra4 {[%clk 0:06:13]} 36. Rb1
{[%clk 0:26:18]} Nb6 {[%clk 0:06:28]} 37. Rxa3 {[%clk 0:26:20]} Rxa3+
{[%clk 0:06:38]} 38. Kxa3 {[%clk 0:26:48]} Nxd5 {[%clk 0:06:59]} 39. b5
{[%clk 0:27:01]} Nb6 {[%clk 0:06:28]} 40. Kb4 {[%clk 0:26:54]} Kf8
{[%clk 0:04:10]} 41. Ka5 {[%clk 0:27:00]} Nc4+ {[%clk 0:04:33]} 42. Ka6
{[%clk 0:27:26]} f6 {[%clk 0:02:53]} 43. gxf6 {[%clk 0:27:42]} exf6
{[%clk 0:03:16]} 44. b6 {[%clk 0:28:08]} Nxb6 {[%clk 0:03:41]} 45. Kxb6
{[%clk 0:28:31]} Ke7 {[%clk 0:03:46]} 46. Re1+ {[%clk 0:28:30]} Kf7
{[%clk 0:03:52]} 47. Kc6 {[%clk 0:28:51]} g5 {[%clk 0:04:16]} 48. fxg5
{[%clk 0:29:16]} fxg5 {[%clk 0:04:40]} 49. Kxd6 {[%clk 0:29:41]} Kg6
{[%clk 0:04:53]} 50. Ke5 {[%clk 0:30:01]} 1-0

[Event "EYCC 2024 - G14"]
[Site "?"]
[Date "2024.08.30"]
[Round "8.12"]
[White "Oflaz, Fatma Zehra"]
[Black "Jakubse, Tamae Severina"]
[Result "1/2-1/2"]
[BlackElo "1904"]
[WhiteElo "1779"]
[LiveChessVersion "1.4.8"]

1. e4 {[%clk 1:30:58]} e5 {[%clk 1:30:59]} 2. Nf3 {[%clk 1:31:21]} Nc6
{[%clk 1:31:24]} 3. Nc3 {[%clk 1:31:46]} Nf6 {[%clk 1:31:50]} 4. g3
{[%clk 1:32:12]} d5 {[%clk 1:30:12]} 5. exd5 {[%clk 1:31:22]} Nxd5
{[%clk 1:30:40]} 6. Bg2 {[%clk 1:22:51]} Nxc3 {[%clk 1:21:10]} 7. bxc3
{[%clk 1:19:38]} Bg4 {[%clk 1:21:01]} 8. h3 {[%clk 1:19:05]} Bh5 {[%clk 1:21:10]}
9. O-O {[%clk 1:15:40]} Bd6 {[%clk 1:18:18]} 10. d3 {[%clk 1:06:50]} h6
{[%clk 1:15:44]} 11. Qe1 {[%clk 1:04:10]} O-O {[%clk 1:14:17]} 12. Nd2
{[%clk 1:01:04]} f5 {[%clk 1:09:35]} 13. Kh2 {[%clk 0:58:48]} Bf7
{[%clk 1:04:00]} 14. a4 {[%clk 0:51:49]} Rb8 {[%clk 0:58:48]} 15. Qe2
{[%clk 0:43:58]} Qf6 {[%clk 0:51:52]} 16. Ba3 {[%clk 0:39:57]} Ne7
{[%clk 0:49:21]} 17. Bxd6 {[%clk 0:38:06]} cxd6 {[%clk 0:46:43]} 18. Qe3
{[%clk 0:37:34]} b6 {[%clk 0:44:09]} 19. c4 {[%clk 0:36:31]} d5 {[%clk 0:32:00]}
20. cxd5 {[%clk 0:33:52]} Bxd5 {[%clk 0:32:21]} 21. Nf3 {[%clk 0:30:16]} e4
{[%clk 0:32:14]} 22. Nd4 {[%clk 0:27:23]} exd3 {[%clk 0:27:37]} 23. Bxd5+
{[%clk 0:23:32]} Nxd5 {[%clk 0:28:04]} 24. Qxd3 {[%clk 0:24:00]} Rbd8
{[%clk 0:25:23]} 25. Rae1 {[%clk 0:22:15]} Rd6 {[%clk 0:23:34]} 26. Nb5
{[%clk 0:21:59]} Rd7 {[%clk 0:20:58]} 27. c4 {[%clk 0:20:46]} a6 {[%clk 0:18:28]}
28. cxd5 {[%clk 0:20:49]} axb5 {[%clk 0:18:08]} 29. Qxb5 {[%clk 0:20:57]} Qd6
{[%clk 0:17:35]} 30. Re6 {[%clk 0:17:23]} Qxd5 {[%clk 0:17:50]} 31. Qxd5
{[%clk 0:15:30]} Rxd5 {[%clk 0:18:18]} 32. Rxb6 {[%clk 0:15:58]} f4
{[%clk 0:15:57]} 33. Rb4 {[%clk 0:13:35]} fxg3+ {[%clk 0:15:29]} 34. Kxg3
{[%clk 0:13:54]} Rd3+ {[%clk 0:15:39]} 35. Kg2 {[%clk 0:10:52]} Ra3
{[%clk 0:15:52]} 36. Rfb1 {[%clk 0:10:35]} Rff3 {[%clk 0:14:32]} 37. h4
{[%clk 0:08:17]} Rh3 {[%clk 0:13:58]} 38. a5 {[%clk 0:07:29]} Rhc3
{[%clk 0:14:03]} 39. Rb5 {[%clk 0:07:00]} 1/2-1/2

[Event "EYCC 2024 - G14"]
[Site "?"]
[Date "2024.08.30"]
[Round "8.13"]
[White "Haasova, Timea"]
[Black "Velychko, Sofiya"]
[Result "1/2-1/2"]
[BlackElo "1691"]
[WhiteElo "1890"]
[LiveChessVersion "1.4.8"]

1. e4 {[%clk 1:30:56]} c5 {[%clk 1:30:53]} 2. Nf3 {[%clk 1:31:17]} a6
{[%clk 1:31:00]} 3. d4 {[%clk 1:29:13]} cxd4 {[%clk 1:31:16]} 4. Nxd4
{[%clk 1:29:30]} Nf6 {[%clk 1:31:22]} 5. Nc3 {[%clk 1:27:50]} e5 {[%clk 1:31:28]}
6. Nf3 {[%clk 1:19:48]} Bb4 {[%clk 1:31:04]} 7. Bd2 {[%clk 1:12:59]} d6
{[%clk 1:29:51]} 8. Nd5 {[%clk 1:05:18]} Nxd5 {[%clk 1:24:16]} 9. exd5
{[%clk 1:05:39]} Bxd2+ {[%clk 1:23:29]} 10. Qxd2 {[%clk 1:04:52]} O-O
{[%clk 1:22:01]} 11. Be2 {[%clk 1:01:18]} Nd7 {[%clk 1:18:49]} 12. O-O
{[%clk 0:55:54]} f5 {[%clk 1:16:39]} 13. c4 {[%clk 0:47:55]} Nf6 {[%clk 1:14:31]}
14. Rac1 {[%clk 0:44:44]} Ne4 {[%clk 1:13:19]} 15. Qc2 {[%clk 0:44:21]} Bd7
{[%clk 1:09:01]} 16. Nd2 {[%clk 0:42:17]} Nxd2 {[%clk 1:05:18]} 17. Qxd2
{[%clk 0:42:41]} f4 {[%clk 1:02:57]} 18. Qb4 {[%clk 0:37:26]} f3 {[%clk 0:40:10]}
19. Bxf3 {[%clk 0:26:23]} Rxf3 {[%clk 0:38:47]} 20. gxf3 {[%clk 0:24:57]} Bh3
{[%clk 0:37:27]} 21. Kh1 {[%clk 0:23:58]} Qf6 {[%clk 0:35:47]} 22. Qb3
{[%clk 0:21:53]} Bxf1 {[%clk 0:35:09]} 23. Rxf1 {[%clk 0:22:08]} Rf8
{[%clk 0:34:40]} 24. Rd1 {[%clk 0:10:49]} Qf4 {[%clk 0:30:57]} 25. c5
{[%clk 0:08:29]} Rf6 {[%clk 0:28:19]} 26. Qe3 {[%clk 0:07:44]} Qxe3
{[%clk 0:24:10]} 27. fxe3 {[%clk 0:08:08]} dxc5 {[%clk 0:23:39]} 28. d6
{[%clk 0:06:20]} Rf8 {[%clk 0:23:51]} 29. Rd5 {[%clk 0:05:32]} Rd8
{[%clk 0:22:00]} 30. Rxc5 {[%clk 0:05:36]} Rxd6 {[%clk 0:22:16]} 31. Rc8+
{[%clk 0:05:44]} Kf7 {[%clk 0:22:40]} 32. Rc7+ {[%clk 0:06:09]} Kf6
{[%clk 0:23:03]} 33. Rxb7 {[%clk 0:06:32]} h5 {[%clk 0:22:51]} 34. Kg2
{[%clk 0:06:32]} g6 {[%clk 0:20:52]} 35. Kf2 {[%clk 0:05:55]} h4 {[%clk 0:19:47]}
36. Ke2 {[%clk 0:06:03]} Kf5 {[%clk 0:18:56]} 37. Rb3 {[%clk 0:03:56]} g5
{[%clk 0:17:31]} 38. Rb8 {[%clk 0:03:42]} Rf6 {[%clk 0:16:00]} 39. e4+
{[%clk 0:02:31]} Kf4 {[%clk 0:16:02]} 40. Rc8 {[%clk 0:02:31]} g4
{[%clk 0:15:24]} 41. Rc3 {[%clk 0:00:48]} g3 {[%clk 0:14:17]} 42. Rc8
{[%clk 0:00:36]} Rg6 {[%clk 0:10:50]} 43. Rf8+ {[%clk 0:01:02]} Kg5
{[%clk 0:11:15]} 44. hxg3 {[%clk 0:01:21]} hxg3 {[%clk 0:11:17]} 45. Kf1
{[%clk 0:01:26]} Rc6 {[%clk 0:10:35]} 46. Kg2 {[%clk 0:01:34]} Rc2+
{[%clk 0:10:32]} 47. Kxg3 {[%clk 0:01:57]} Rxb2 {[%clk 0:10:58]} 48. Rf5+
{[%clk 0:01:35]} Kg6 {[%clk 0:11:23]} 49. Rxe5 {[%clk 0:01:34]} Rxa2 50. f4
{[%clk 0:01:07]} a5 {[%clk 0:11:48]} 51. Re6+ {[%clk 0:01:20]} Kf7
{[%clk 0:12:12]} 52. Ra6 {[%clk 0:01:26]} a4 {[%clk 0:12:19]} 53. Kg4
{[%clk 0:01:29]} a3 {[%clk 0:12:14]} 54. Kf5 {[%clk 0:01:53]} Ra1
{[%clk 0:12:30]} 55. e5 {[%clk 0:01:18]} a2 {[%clk 0:12:42]} 56. Ra7+
{[%clk 0:01:42]} Ke8 {[%clk 0:12:54]} 57. e6 {[%clk 0:01:17]} Kd8
{[%clk 0:13:01]} 58. e7+ {[%clk 0:00:40]} Ke8 {[%clk 0:13:13]} 59. Kf6
{[%clk 0:01:03]} Re1 {[%clk 0:13:24]} 60. Rxa2 {[%clk 0:01:08]} Re6+
{[%clk 0:13:45]} 61. Kf5 {[%clk 0:00:58]} Rxe7 {[%clk 0:13:48]} 62. Ra6
{[%clk 0:00:36]} Kf7 {[%clk 0:13:49]} 63. Rf6+ {[%clk 0:00:49]} Kg7
{[%clk 0:14:11]} 64. Rg6+ {[%clk 0:00:37]} Kf7 {[%clk 0:14:20]} 65. Kg5
{[%clk 0:00:45]} Re1 {[%clk 0:14:11]} 66. Rb6 {[%clk 0:01:03]} Rg1+
{[%clk 0:12:19]} 67. Kf5 {[%clk 0:01:23]} Ra1 {[%clk 0:11:19]} 68. Rb7+
{[%clk 0:01:26]} Kf8 {[%clk 0:11:43]} 69. Kg5 {[%clk 0:01:40]} Ra5+
{[%clk 0:10:03]} 70. f5 {[%clk 0:01:56]} Ra6 {[%clk 0:10:19]} 71. Rh7
{[%clk 0:01:49]} Kg8 {[%clk 0:10:30]} 72. Re7 {[%clk 0:01:19]} Kf8
{[%clk 0:10:39]} 73. Rb7 {[%clk 0:01:31]} Rc6 {[%clk 0:10:37]} 74. f6
{[%clk 0:00:41]} Rc1 {[%clk 0:10:53]} 75. Kf5 {[%clk 0:00:36]} Rf1+
{[%clk 0:11:13]} 76. Ke6 {[%clk 0:00:50]} Re1+ {[%clk 0:11:30]} 77. Kd5
{[%clk 0:01:04]} Rd1+ {[%clk 0:11:51]} 78. Ke4 {[%clk 0:00:56]} Re1+
{[%clk 0:12:14]} 79. Kd4 {[%clk 0:01:05]} Rd1+ {[%clk 0:12:38]} 80. Ke3
{[%clk 0:01:31]} Rf1 {[%clk 0:12:44]} 81. Rb6 {[%clk 0:01:13]} Kf7
{[%clk 0:13:05]} 1/2-1/2

[Event "EYCC 2024 - G14"]
[Site "?"]
[Date "2024.08.30"]
[Round "8.14"]
[White "Ashotia, Barbare"]
[Black "Valente, Sofia"]
[Result "1-0"]
[BlackElo "1888"]
[WhiteElo "1724"]
[LiveChessVersion "1.4.8"]

1. e4 {[%clk 1:30:55]} c5 {[%clk 1:30:49]} 2. Nf3 {[%clk 1:31:16]} Nc6
{[%clk 1:31:12]} 3. d4 {[%clk 1:31:37]} cxd4 {[%clk 1:31:37]} 4. Nxd4
{[%clk 1:31:58]} g6 {[%clk 1:31:54]} 5. c4 {[%clk 1:32:08]} d6 {[%clk 1:31:33]}
6. Nc3 {[%clk 1:31:38]} Nf6 {[%clk 1:31:51]} 7. Be2 {[%clk 1:31:31]} Nxd4
{[%clk 1:31:58]} 8. Qxd4 {[%clk 1:31:53]} Bg7 {[%clk 1:32:19]} 9. Be3
{[%clk 1:32:12]} O-O {[%clk 1:32:32]} 10. Qd3 {[%clk 1:32:36]} a5
{[%clk 1:32:38]} 11. O-O {[%clk 1:30:45]} a4 {[%clk 1:32:58]} 12. Bd4
{[%clk 1:28:48]} Be6 {[%clk 1:27:11]} 13. Rac1 {[%clk 1:24:52]} Qa5
{[%clk 1:26:17]} 14. f4 {[%clk 1:20:41]} Rfc8 {[%clk 1:23:44]} 15. Nd5
{[%clk 1:19:22]} Bxd5 {[%clk 1:21:15]} 16. exd5 {[%clk 1:18:51]} Nd7
{[%clk 1:15:07]} 17. Bxg7 Kxg7 {[%clk 1:15:31]} 18. Bg4 {[%clk 1:09:05]} f5
{[%clk 1:11:23]} 19. Rfe1 {[%clk 1:02:02]} Re8 {[%clk 1:06:49]} 20. Bxf5
{[%clk 0:58:16]} gxf5 {[%clk 0:59:30]} 21. Qxf5 {[%clk 0:58:31]} Qc5+
{[%clk 0:58:44]} 22. Kh1 {[%clk 0:57:24]} Nf6 {[%clk 0:57:56]} 23. Rc2
{[%clk 0:53:04]} b5 {[%clk 0:47:31]} 24. Rce2 {[%clk 0:46:59]} Ra7
{[%clk 0:45:10]} 25. Re6 {[%clk 0:46:26]} Qxc4 {[%clk 0:33:46]} 26. Qg5+
{[%clk 0:44:53]} Kf7 {[%clk 0:33:03]} 27. Rxf6+ {[%clk 0:44:00]} exf6
{[%clk 0:33:15]} 28. Qh5+ {[%clk 0:44:26]} Kg7 {[%clk 0:33:10]} 29. Qxe8
{[%clk 0:44:33]} Qxd5 {[%clk 0:32:46]} 30. Qe3 {[%clk 0:43:45]} Qf7
{[%clk 0:32:13]} 31. f5 {[%clk 0:43:31]} Rd7 {[%clk 0:30:41]} 32. Qg3+
{[%clk 0:42:20]} Kf8 {[%clk 0:29:00]} 33. Re6 {[%clk 0:40:03]} d5
{[%clk 0:27:47]} 34. Qb8+ {[%clk 0:38:17]} Kg7 {[%clk 0:27:41]} 35. Qxb5
{[%clk 0:38:03]} Rc7 {[%clk 0:23:43]} 36. Re1 {[%clk 0:35:11]} Rb7
{[%clk 0:19:07]} 37. Qe2 {[%clk 0:33:46]} Rb4 {[%clk 0:17:10]} 38. Qf2
{[%clk 0:32:09]} Qc7 {[%clk 0:15:46]} 39. Qd2 {[%clk 0:32:00]} Re4
{[%clk 0:14:30]} 40. Rf1 {[%clk 0:19:17]} Qc4 {[%clk 0:13:13]} 41. Rc1
{[%clk 0:19:13]} Re2 {[%clk 0:09:01]} 42. Rxc4 {[%clk 0:17:22]} Rxd2
{[%clk 0:09:28]} 43. Rg4+ {[%clk 0:16:47]} Kf7 {[%clk 0:09:49]} 44. h3
{[%clk 0:17:09]} d4 {[%clk 0:08:47]} 45. Kh2 {[%clk 0:16:10]} Rxb2
{[%clk 0:06:16]} 46. Rxd4 {[%clk 0:16:34]} Rxa2 {[%clk 0:06:34]} 47. Rd7+
{[%clk 0:16:56]} Kg8 {[%clk 0:06:04]} 48. Kg3 {[%clk 0:12:29]} Rb2
{[%clk 0:06:12]} 49. Ra7 {[%clk 0:12:44]} Rb4 {[%clk 0:05:27]} 50. Kf3
{[%clk 0:11:42]} h5 {[%clk 0:04:48]} 51. Kg3 {[%clk 0:11:15]} Rc4
{[%clk 0:04:41]} 52. Kf2 {[%clk 0:10:03]} Rc5 {[%clk 0:04:28]} 53. g4
{[%clk 0:08:04]} h4 {[%clk 0:02:37]} 54. Rxa4 {[%clk 0:07:22]} Kg7
{[%clk 0:02:02]} 55. Re4 {[%clk 0:06:09]} Kh6 {[%clk 0:00:55]} 56. Kf3
{[%clk 0:05:01]} Rc3+ {[%clk 0:00:58]} 57. Re3 {[%clk 0:04:33]} Rc4
{[%clk 0:01:27]} 58. Re7 {[%clk 0:03:59]} Rc3+ {[%clk 0:01:21]} 59. Kf4
{[%clk 0:04:12]} Rc4+ {[%clk 0:01:19]} 60. Ke3 {[%clk 0:04:24]} Rc3+
{[%clk 0:01:34]} 61. Ke4 {[%clk 0:04:31]} Rxh3 {[%clk 0:00:44]} 62. Rf7
{[%clk 0:04:53]} Ra3 {[%clk 0:00:46]} 63. Rxf6+ {[%clk 0:05:18]} Kg7
{[%clk 0:01:02]} 64. Rg6+ {[%clk 0:05:38]} Kf7 {[%clk 0:00:53]} 65. Rh6
{[%clk 0:05:51]} Ra4+ {[%clk 0:01:03]} 66. Kf3 {[%clk 0:06:11]} Ra3+
{[%clk 0:01:10]} 67. Kf4 {[%clk 0:06:04]} h3 {[%clk 0:01:32]} 68. g5
{[%clk 0:06:22]} Ra4+ {[%clk 0:01:20]} 69. Kg3 {[%clk 0:06:40]} Ra3+
{[%clk 0:01:31]} 70. Kg4 {[%clk 0:06:57]} Kg7 {[%clk 0:00:57]} 71. Rxh3
{[%clk 0:07:19]} Ra4+ {[%clk 0:01:19]} 72. Kh5 {[%clk 0:07:42]} Rf4
{[%clk 0:01:25]} 73. f6+ {[%clk 0:08:09]} Kf7 {[%clk 0:00:50]} 74. Ra3
{[%clk 0:08:32]} Rf1 {[%clk 0:00:58]} 75. Ra7+ {[%clk 0:08:55]} Ke6
{[%clk 0:00:43]} 76. Kg6 {[%clk 0:09:14]} Rf2 {[%clk 0:01:05]} 77. Re7+
{[%clk 0:09:38]} Kd6 {[%clk 0:01:27]} 78. Re3 {[%clk 0:09:51]} Kd7
{[%clk 0:01:18]} 79. Kg7 {[%clk 0:10:09]} Rf5 {[%clk 0:01:37]} 80. g6
{[%clk 0:10:34]} 1-0